| 000 | 00823cam a2200229 i 4500 | ||
|---|---|---|---|
| 003 | SA-RiAUC | ||
| 005 | 20250207133950.0 | ||
| 008 | 250206q19001999||| g 00000 ara c | ||
| 040 |
_aSA-RiAUC _bara _cSA-RiAUC _erda |
||
| 082 | 0 | 4 | _a253.901 |
| 090 |
_a253.901 _bح ج ا |
||
| 100 | 1 |
_aحجازي، عبد الله بن أحمد. _eمؤلف. |
|
| 245 | 1 | 0 |
_aرسالة في تقسيم المواريث / _cتأليف عبد الله حجازي. |
| 264 | 1 |
_a[مكان النشر غير محدد] : _bالمقاصد، _c[بين 1900 و1999] |
|
| 300 |
_a94 صفحة ؛ _c24 سم |
||
| 336 |
_aنص _btxt _2rdacontent _3كتاب |
||
| 337 |
_aبدون وسيط _bn _2rdamedia |
||
| 338 |
_aمجلد _bnc _2rdacarrier |
||
| 650 | 7 |
_aالمواريث _2aucsh |
|
| 942 |
_2ddc _cBOOK _n0 |
||
| 949 |
_aSA-JeALM _d250206 _uosman123 _n1 |
||
| 999 |
_c5689 _d5689 |
||